| 000 | 00410nam a2200157 i 4500 | ||
|---|---|---|---|
| 001 | 80235 | ||
| 003 | ES-MaACL | ||
| 005 | 20230906174153.0 | ||
| 007 | t| | ||
| 008 | 041027s1918 xxk ||||1| eng d | ||
| 100 | 1 |
_aHichens, Robert Smythe. _963543 |
|
| 245 | 1 | 0 |
_aFlames / _cRobert Smythe Hichens. |
| 260 |
_aLondon : _bWilliam Heinemann, _c[1918] |
||
| 300 |
_a304 p. ; _c18 cm. |
||
| 852 |
_aES-MaACL _jF-2893 |
||
| 999 |
_c80235 _d80235 |
||